000 01539nam a2200337 a 4500
001 vtls001465407
003 NLI
005 20210627125654.0
008 121201m1981uuuudcua f000 0 eng
039 9 _y201212011830
_zVLOAD
040 _aNLI
_beng
_cDatasoft_FOD
_eAACR2
041 0 _aeng
044 _a dcu
082 0 4 _a 333.9140973
110 1 _aUnited States.
_bCongress.
_bSenate.
_bCommittee on Appropriations.
_bSubcommittee on Energy and Water Development
_9715899
245 1 0 _aEnergy and water development appropriations for fiscal year 1982 :
_bhearings before a subcommittee of the Committee on Appropriations, United States Senate, Niney-seventh Congress, first session, on H.R. 4144
260 _aWashington, D.C. :
_bU.S. Government Printing Office,
_c1981-
300 _a-v. :
_bill. ;
_c24 cm.
500 _aSpine title: Energy and water development appropriations 1982 (H.R. 4144)
505 0 _aPt. 1. Corps of Engineers, Department of the Interior, Water and power resources service
650 0 _aWater resources development
_zUnited States
_xFinance
_9711723
650 0 _aEnergy development
_zUnited States
_xFinance
_9711724
651 0 _aUnited States
_xAppropriations and expenditures, 1982
_9708451
740 0 2 _aCorps of Engineers, Department of the Interior, Water and power resources service
887 _a
901 _aAD 75641
_b27.07.2010
_9pt.1
902 _aU.S 333.9140973 Un 3
904 _lC 8056
949 _AVIRTUAITEM
_D10002
_X100
_6FOD000075641ENG
_9pt.1
942 _2ddc
_cBKS
999 _aVIRTUA40
_c915517
_d915517